000 00947nam a22003137a 4500
001 BR2012002170
003 BR-BrBNA
005 20230928103929.0
007 ta
008 230509b bl.||||| |||| 00| 0 por d
040 _aBR-BrBNA
_bpor
_cBiblioteca Nacional de Agricultura
041 _a(Por)
072 _aQ04
_b1100
090 _ 1100 BR2012002170
100 1 _aBorges, P.R.S.
110 1 _aUniversidade Federal de Lavras, MG (Brasil)
_0Tese (Mestrado)
245 1 _aCaracterização de puçá-preto (Mouriri pusa Gardner)ao longo do seu desenvolvimento
260 3 _aLavras, MG (Brasil):
_c2011.
300 _a76 p.
500 _aSummaries (Eng, Por); Several bibliography; 10 illus.; 10 tables
650 _aFRUTA TROPICAL
650 _aANÁLISE QUÍMICA
650 _aCRESCIMENTO
650 _aVITAMINA C
650 _aCOMPOSTO FENÓLICO
650 _aQUALIDADE
909 _a202309
_bLucia
_c55
_dLucia Elande
942 _cBK
999 _c77292
_d77292